000 00302nam a22001337a 4500
008 170622b xxu||||| |||| 00| 0 eng d
020 _a0060440295
041 _aeng
080 _a32
100 _a20
101 _aSHP
245 _aURBAN POLITICS AND PUBLIC POLICY
_cLINEBERRY, R.L
942 _2udc
_cBK
999 _c18761
_d18761